000
00312nam a2200133Ia 4500
005
20251219220446.0
008
251219s9999 xx 000 0 und d
082
_a
SIC.76
100
_a
Corporación técnica
245
0
_a
Aprendiendo módulo II fasciculo II
250
_a
1ra. ed.
264
_b
GTZ
942
_c
LIB
999
_c
220
_d
220